• 首页
  • 本馆介绍
  • 公告通知
  • 最新文献
  • 馆藏检索
  • 电子资源
  • 读者荐购
  • 参考咨询
  • CALIS
  • 我的图书馆
  • 登录
  • 详细信息显示
  • 放入我的书架
  • 预约/预借图书
  • 作者相关作品
  • 分类相关作品
  • 丛书相关作品
  • 出版社相关作品

书目信息

  • 表格格式
  • 工作单格式
  • 卡片格式
题名:
动漫的艺术分析
    
 
作者: 李明熙 著
分册:  
出版信息: 北京   中国戏剧出版社  2024.02
页数: 184页
开本: 24cm
丛书名:
单 册:
中图分类: J218.7
科图分类:
主题词: 动画--艺术--研究
电子资源:
ISBN: 978-7-104-05371-2
 
 
 
 
 
000 00960nam0 2200229 450
001 012767974
005 20251022194530.31
010    @a978-7-104-05371-2@dCNY72.00
100    @a20241023d2024 em y0chiy0120 ea
101 0  @achi
102    @aCN@b110000
105    @aa z 000yy
106    @ar
200 1  @a动漫的艺术分析@9dong man de yi shu fen xi@f李明熙著
210    @a北京@c中国戏剧出版社@d2024.02
215    @a184页@c图@d24cm
330    @a本书首先对卡通的概念、动画与漫画的名词解释、动漫的性质与特征进行了阐述,介绍了卡通与动漫的含义,引导读者对动漫有一个基本的了解。其次,介绍了中外动漫的历史渊源与演变,从卡通的产生与早期的漫画入手,分析了欧美动漫艺术、日本动漫艺术和中国动漫艺术的发展与演变。然后,论述了动漫艺术的应用门类和动漫艺术的风格样式。最后,对动漫的美学特征进行了阐述。
606 0  @a动画@x艺术@x研究
690    @aJ218.7@v5
701  0 @a李明熙@9li ming xi@4著
801  0 @aCN@c20250905
905    @a河南城建学院图书馆@dJ218.7@eL217@ZL217@f1
    
    动漫的艺术分析/李明熙著.-北京:中国戏剧出版社,2024.02
    184页:图;24cm
    
    
    ISBN 978-7-104-05371-2:CNY72.00
    本书首先对卡通的概念、动画与漫画的名词解释、动漫的性质与特征进行了阐述,介绍了卡通与动漫的含义,引导读者对动漫有一个基本的了解。其次,介绍了中外动漫的历史渊源与演变,从卡通的产生与早期的漫画入手,分析了欧美动漫艺术、日本动漫艺术和中国动漫艺术的发展与演变。然后,论述了动漫艺术的应用门类和动漫艺术的风格样式。最后,对动漫的美学特征进行了阐述。
●
相关链接 在E读中查询图书 在当当中查询图书 在豆瓣中查询图书


正题名:动漫的艺术分析     索取号:J218.7/L217         预约/预借

序号 登录号 条形码 馆藏地/架位号 状态 备注
1 1631330   216313308   社科库309/309社科库 73排4列6层/ [索取号:J218.7/L217] 在馆    
河南城建学院图书馆 欢迎您!
大连网信软件有限公司© 版权所有